[Event "V Memorial Gianfranco Molinari A"]
[Site "Milano ITA"]
[Date "2011.10.28"]
[Round "1"]
[White "Bozzali, Ermanno"]
[Black "Olivieri, Alessandro"]
[Result "1-0"]
[WhiteElo "2133"]
[BlackElo "1936"]
[PlyCount "65"]
[EventDate "2011.10.28"]

1. d4 Nf6 2. Nf3 g6 3. c4 Bg7 4. Nc3 O-O 5. e4 d6 6. Be2 e5 7. O-O Nc6 8. d5
Ne7 9. b4 Nh5 10. g3 a5 11. Ba3 axb4 12. Bxb4 b6 13. a4 f5 14. Nd2 Nf6 15. a5
bxa5 16. Rxa5 Rb8 17. Qa4 Bd7 18. Qa3 c5 19. dxc6 Nxc6 20. Rb5 Nxb4 21. Rxb4
Bh6 22. Rd1 Ra8 23. Qb2 Bc6 24. Rb6 Rb8 25. Rxb8 Qxb8 26. Qxb8 Rxb8 27. exf5
Rb2 28. Nf1 Ne4 29. Nxe4 Bxe4 30. Bd3 Bf3 31. Rb1 Ra2 32. c5 d5 33. c6 1-0

[Event "V Memorial Gianfranco Molinari A"]
[Site "Milano ITA"]
[Date "2011.10.28"]
[Round "1"]
[White "Cattaneo, Marco"]
[Black "Martinez, Rolly"]
[Result "0-1"]
[WhiteElo "1986"]
[BlackElo "2411"]
[PlyCount "52"]
[EventDate "2011.10.28"]

1. d4 Nf6 2. Nf3 c5 3. d5 b5 4. Bg5 Bb7 5. Bxf6 gxf6 6. e4 Qb6 7. Be2 Bg7 8. c3
e6 9. O-O O-O 10. Qd2 f5 11. dxe6 fxe6 12. exf5 Rxf5 13. Bd3 Rd5 14. Qe2 Nc6
15. Nbd2 Rf8 16. Rfe1 c4 17. Bc2 Ne7 18. Ne4 Rh5 19. Neg5 Nd5 20. g3 Nf6 21. h4
h6 22. Ne4 Nxe4 23. Bxe4 Bxe4 24. Qxe4 Rhf5 25. Re3 d5 26. Qg4 h5 0-1

[Event "V Memorial Gianfranco Molinari A"]
[Site "Milano ITA"]
[Date "2011.10.28"]
[Round "1"]
[White "Cazzaniga, Walter"]
[Black "Pedroli, Marco"]
[Result "1-0"]
[WhiteElo "2118"]
[BlackElo "1900"]
[PlyCount "39"]
[EventDate "2011.10.28"]

1. d4 d5 2. c4 e6 3. Nc3 c6 4. e4 dxe4 5. Nxe4 Nf6 6. Nxf6+ Qxf6 7. Nf3 Bb4+ 8.
Bd2 Qe7 9. Bd3 b6 10. O-O Bxd2 11. Qxd2 Ba6 12. Rfe1 Nd7 13. Qc2 Nf6 14. Qa4
Bb7 15. d5 Qd6 16. Rad1 O-O 17. dxe6 Qc7 18. exf7+ Rxf7 19. c5 b5 20. Qh4 1-0

[Event "V Memorial Gianfranco Molinari A"]
[Site "Milano ITA"]
[Date "2011.10.28"]
[Round "1"]
[White "Gongalov, Bojan"]
[Black "Papale, Carmelo"]
[Result "1-0"]
[WhiteElo "2084"]
[BlackElo "1865"]
[PlyCount "129"]
[EventDate "2011.10.28"]

1. Nf3 Nf6 2. g3 g6 3. Bg2 Bg7 4. O-O d6 5. d4 O-O 6. c4 Nbd7 7. h3 h6 8. Qc2
c5 9. Rd1 cxd4 10. Nxd4 Nc5 11. b4 Ne6 12. Nxe6 Bxe6 13. Bb2 Qc8 14. Nd2 Bxh3
15. Bf3 Ng4 16. Bxg7 Kxg7 17. Qb2+ Kh7 18. Rac1 Qf5 19. Ne4 Rac8 20. Rd5 Ne5
21. Nd2 Rxc4 22. Bh1 Rxc1+ 23. Qxc1 Rc8 24. Qa1 Qf6 25. Qd1 Ng4 26. Bf3 Qb2 27.
Nb3 Rc2 28. Rd2 Rxd2 29. Qxd2 Qxd2 30. Nxd2 b6 31. Bb7 Ne5 32. f4 Nd7 33. Kf2
Kg7 34. Ne4 Be6 35. Nc3 a5 36. a3 axb4 37. axb4 Bc4 38. Ke3 e5 39. Bc6 exf4+
40. gxf4 Nb8 41. Bb7 Na6 42. Kd4 b5 43. Bxa6 Kf6 44. Ne4+ Ke7 45. e3 Kd7 46.
Bb7 h5 47. Bd5 Bxd5 48. Kxd5 h4 49. Ng5 f6 50. Nh3 Ke7 51. Kc6 Ke6 52. Kxb5 Kf5
53. Kc4 g5 54. b5 g4 55. Nf2 g3 56. Nh3 Ke6 57. b6 Kd7 58. Kd5 g2 59. e4 f5 60.
exf5 Kc8 61. f6 Kb7 62. f7 g1=Q 63. Nxg1 h3 64. Nxh3 Kxb6 65. f8=Q 1-0

[Event "V Memorial Gianfranco Molinari A"]
[Site "Milano ITA"]
[Date "2011.10.28"]
[Round "1"]
[White "Jara, Erik"]
[Black "Cerioni, Armando"]
[Result "1-0"]
[WhiteElo "2158"]
[BlackElo "1958"]
[PlyCount "83"]
[EventDate "2011.10.28"]

1. c4 c5 2. Nf3 Nc6 3. Nc3 Nd4 4. e3 Nxf3+ 5. Qxf3 Nf6 6. h3 e6 7. g4 d6 8. Bg2
Be7 9. b3 Rb8 10. Qe2 b6 11. Bb2 Bb7 12. e4 Nd7 13. f4 Bh4+ 14. Kd1 Bf6 15. Kc2
a6 16. Rae1 Rc8 17. e5 Bxg2 18. Qxg2 dxe5 19. g5 Be7 20. fxe5 Bxg5 21. Ne4 Bh6
22. Nd6+ Ke7 23. Rhf1 Rf8 24. Qf2 f6 25. Nxc8+ Qxc8 26. Qh4 Bg5 27. Qxh7 Rf7
28. h4 Bh6 29. Qg6 Qf8 30. Qe4 fxe5 31. Rxf7+ Qxf7 32. Bxe5 Nxe5 33. Qxe5 Bf4
34. Qe4 Qf6 35. Rg1 Bxd2 36. Qb7+ Kf8 37. Qc8+ Ke7 38. Qc7+ Ke8 39. Qxg7 Qf5+
40. Kxd2 Qf2+ 41. Kc1 Qe3+ 42. Kb1 1-0

[Event "V Memorial Gianfranco Molinari A"]
[Site "Milano ITA"]
[Date "2011.10.28"]
[Round "1"]
[White "Manansala, Eduardo"]
[Black "Cani, Gazmir"]
[Result "0-1"]
[WhiteElo "1946"]
[BlackElo "2140"]
[PlyCount "56"]
[EventDate "2011.10.28"]

1. Nf3 Nf6 2. g3 g6 3. Bg2 Bg7 4. c4 O-O 5. O-O d6 6. Nc3 Nbd7 7. d3 c6 8. Bd2
Re8 9. b4 e5 10. e4 Rf8 11. Rb1 Ne8 12. Qc1 f5 13. Bh6 f4 14. Bxg7 Kxg7 15. d4
g5 16. Bh3 Qf6 17. d5 Qh6 18. Bxd7 Bxd7 19. h4 gxh4 20. Nxh4 Qh5 21. Qd1 Bg4
22. f3 fxg3 23. fxg4 Qxh4 24. Qe2 h5 25. dxc6 bxc6 26. b5 cxb5 27. cxb5 hxg4
28. Nd5 Rf3 0-1

[Event "V Memorial Gianfranco Molinari A"]
[Site "Milano ITA"]
[Date "2011.10.28"]
[Round "1"]
[White "Moreschi, Mauro"]
[Black "Barberi, Alessandro"]
[Result "0-1"]
[WhiteElo "1861"]
[BlackElo "2062"]
[PlyCount "54"]
[EventDate "2011.10.28"]

1. e4 g6 2. d4 Bg7 3. Nc3 d6 4. Be3 a6 5. Qd2 Nd7 6. Be2 b5 7. a3 Bb7 8. Bf3
Rc8 9. Nge2 c5 10. dxc5 Nxc5 11. Bxc5 Rxc5 12. O-O Qc8 13. Nd4 Nf6 14. Rfe1 O-O
15. Bd1 Rc4 16. f3 Nxe4 17. fxe4 Bxd4+ 18. Kh1 Bxc3 19. bxc3 Rxe4 20. Bf3 Rxe1+
21. Rxe1 Bxf3 22. gxf3 Qb7 23. Kg2 Re8 24. Re4 d5 25. Rh4 e5 26. a4 e4 27. fxe4
dxe4 0-1

[Event "V Memorial Gianfranco Molinari A"]
[Site "Milano ITA"]
[Date "2011.10.28"]
[Round "1"]
[White "Moroni, Luca jr"]
[Black "Popovich, Fabio"]
[Result "1-0"]
[WhiteElo "1998"]
[BlackElo "1805"]
[PlyCount "63"]
[EventDate "2011.10.28"]

1. e4 c5 2. Nf3 Nc6 3. d4 cxd4 4. Nxd4 Nf6 5. Nc3 d6 6. Be2 e5 7. Nb3 Be7 8.
O-O O-O 9. Be3 Be6 10. f4 exf4 11. Bxf4 d5 12. e5 Ne4 13. Nb5 Qb6+ 14. N5d4 a5
15. a4 Nxd4 16. Qxd4 Qxb3 17. cxb3 Bc5 18. Rfd1 Rac8 19. Be3 Bxd4 20. Bxd4 Nc5
21. Bxc5 Rxc5 22. Rac1 Rfc8 23. Rxc5 Rxc5 24. Rd4 Bd7 25. Bd3 g6 26. Kf2 Kf8
27. Ke3 Ke7 28. b4 axb4 29. Rxb4 Bc6 30. Kd4 Rc1 31. Bb5 Ke6 32. a5 1-0

[Event "V Memorial Gianfranco Molinari A"]
[Site "Milano ITA"]
[Date "2011.10.28"]
[Round "1"]
[White "Nepi, Ezio"]
[Black "Sbarra, Marco"]
[Result "0-1"]
[WhiteElo "1961"]
[BlackElo "2227"]
[PlyCount "42"]
[EventDate "2011.10.28"]

1. d4 Nf6 2. c4 e6 3. Nc3 Bb4 4. Qc2 d5 5. cxd5 exd5 6. Bg5 c5 7. e3 cxd4 8.
exd4 Nc6 9. Bb5 O-O 10. Nge2 h6 11. Bxf6 Qxf6 12. O-O Nxd4 13. Nxd4 Qxd4 14.
Rad1 Qb6 15. Rxd5 Be6 16. Re5 Rac8 17. Ba4 Qd4 18. Re4 Qc5 19. Bb3 Bf5 20. Qe2
Bxc3 21. Rc4 Qe5 0-1

[Event "V Memorial Gianfranco Molinari A"]
[Site "Milano ITA"]
[Date "2011.10.28"]
[Round "1"]
[White "Nicolo', Filippo"]
[Black "Arnold, Daniele"]
[Result "1/2-1/2"]
[WhiteElo "2017"]
[BlackElo "1856"]
[PlyCount "56"]
[EventDate "2011.10.28"]

1. e4 c6 2. d4 d5 3. f3 dxe4 4. fxe4 Nf6 5. Nc3 Bg4 6. Nf3 e6 7. Be3 Bb4 8. Bd3
Nbd7 9. O-O e5 10. Qe1 Bxf3 11. Rxf3 Qe7 12. a3 Bd6 13. b4 exd4 14. Bxd4 Be5
15. Bxe5 Nxe5 16. Rf5 O-O 17. Qg3 Nfd7 18. Ne2 f6 19. c4 Nxd3 20. Qxd3 Ne5 21.
Qc2 Rfd8 22. Rff1 Qe6 23. Rac1 Rd7 24. Nf4 Qe7 25. Rfd1 Rad8 26. c5 Rxd1+ 27.
Rxd1 Rxd1+ 28. Qxd1 Kf8 1/2-1/2

[Event "V Memorial Gianfranco Molinari A"]
[Site "Milano ITA"]
[Date "2011.10.28"]
[Round "1"]
[White "Pace, Pietro Dario"]
[Black "Radice, Luca"]
[Result "1-0"]
[WhiteElo "2276"]
[BlackElo "1972"]
[PlyCount "75"]
[EventDate "2011.10.28"]

1. e4 e6 2. d3 d5 3. Nd2 Nf6 4. Ngf3 c5 5. g3 Nc6 6. Bg2 Be7 7. O-O O-O 8. Re1
b5 9. e5 Nd7 10. Nf1 a5 11. h4 b4 12. N1h2 Ba6 13. Ng4 Rb8 14. Bf4 Nb6 15. Qd2
c4 16. Bg5 a4 17. d4 c3 18. bxc3 bxc3 19. Qf4 Kh8 20. Re3 Nc4 21. Rxc3 Qa5 22.
Rd3 Qc7 23. h5 Rb2 24. h6 g6 25. Bf6+ Kg8 26. Ng5 Rxc2 27. Bxe7 Qxe7 28. Nf6+
Kh8 29. Rdd1 Rb8 30. Bxd5 Nd8 31. Be4 Rcb2 32. Nfxh7 Nb6 33. Nf6 Bc4 34. Rdc1
Nd5 35. Bxd5 exd5 36. Rxc4 dxc4 37. Nd5 Ne6 38. Nxf7+ 1-0

[Event "V Memorial Gianfranco Molinari A"]
[Site "Milano ITA"]
[Date "2011.10.28"]
[Round "1"]
[White "Paganini, Andrea"]
[Black "Pelizzola, Danilo"]
[Result "1/2-1/2"]
[WhiteElo "1847"]
[BlackElo "2006"]
[PlyCount "62"]
[EventDate "2011.10.28"]

1. e4 c5 2. Nf3 Nc6 3. Bb5 g6 4. O-O Bg7 5. Re1 e5 6. c3 Nge7 7. Na3 O-O 8. Nc2
d6 9. d4 a6 10. Bxc6 Nxc6 11. h3 cxd4 12. cxd4 exd4 13. Ncxd4 d5 14. e5 Nxd4
15. Qxd4 h6 16. Bd2 Be6 17. Rac1 Qd7 18. Qh4 Qd8 19. Qd4 Rc8 20. Rxc8 Qxc8 21.
Rc1 Qd7 22. Qh4 Qd8 23. Qb4 Qd7 24. Qh4 Qd8 25. Qd4 Re8 26. a3 Qd7 27. Qh4 Qe7
28. Qd4 Qd7 29. Qh4 Qe7 30. Qd4 Qd7 31. Qh4 Qe7 1/2-1/2

[Event "V Memorial Gianfranco Molinari A"]
[Site "Milano ITA"]
[Date "2011.10.28"]
[Round "1"]
[White "Rossi, Giampiero"]
[Black "Quaranta, Cristiano"]
[Result "0-1"]
[WhiteElo "1902"]
[BlackElo "2128"]
[PlyCount "60"]
[EventDate "2011.10.28"]

1. d4 e6 2. c4 f5 3. Nf3 Nf6 4. g3 Be7 5. Bg2 O-O 6. O-O d6 7. Nc3 a5 8. b3 Qe8
9. Bb2 Qh5 10. Qd2 Ne4 11. Qe3 Nxc3 12. Bxc3 f4 13. Qd2 fxg3 14. fxg3 Nd7 15.
d5 e5 16. Bxa5 b6 17. Bb4 Nf6 18. Qg5 Qe8 19. Nd2 h6 20. Qe3 Qh5 21. Bf3 Qh3
22. Bg2 Qxh2+ 23. Kxh2 Ng4+ 24. Kg1 Nxe3 25. Rxf8+ Kxf8 26. Be4 Kg8 27. Nf3 Bf5
28. Bd2 Nc2 29. Bxc2 Bxc2 30. Kf2 Bxb3 0-1

[Event "V Memorial Gianfranco Molinari A"]
[Site "Milano ITA"]
[Date "2011.10.28"]
[Round "1"]
[White "Tarelli, Daniele"]
[Black "Bemporad, Filippo"]
[Result "1-0"]
[WhiteElo "1900"]
[BlackElo "2093"]
[PlyCount "97"]
[EventDate "2011.10.28"]

1. e4 c5 2. Nf3 d6 3. d4 cxd4 4. Nxd4 Nf6 5. Nc3 e6 6. Be3 Nc6 7. Be2 Qc7 8.
Ndb5 Qb8 9. Qd2 a6 10. Nd4 Qc7 11. O-O Be7 12. f4 O-O 13. Bf3 Bd7 14. g4 Rfc8
15. f5 Ne5 16. Qg2 Nc4 17. Bc1 Qb6 18. Qf2 d5 19. Nb3 Qxf2+ 20. Rxf2 Ne5 21.
exd5 Nfxg4 22. Bxg4 Nxg4 23. fxe6 fxe6 24. Rg2 e5 25. Bd2 b5 26. Rc1 Nf6 27.
Bg5 Bf5 28. d6 Bd8 29. Bxf6 Bxf6 30. Nd5 Rf8 31. Rf1 Bg6 32. Nc5 e4 33. c3 Rae8
34. Nd7 Rd8 35. Nxf8 Rxf8 36. Nxf6+ gxf6 37. d7 Kf7 38. Rgf2 Rd8 39. Rxf6+ Ke7
40. Rxa6 Rxd7 41. Rb6 Rd5 42. Re1 Kd7 43. Kf2 Kc7 44. Rxg6 hxg6 45. Rxe4 Rh5
46. h4 Rd5 47. Ke2 Kc6 48. Re6+ Kc5 49. b4+ 1-0

[Event "V Memorial Gianfranco Molinari A"]
[Site "Milano ITA"]
[Date "2011.10.29"]
[Round "2"]
[White "Arboscelli, Gregorio"]
[Black "Cattaneo, Marco"]
[Result "0-1"]
[WhiteElo "1907"]
[BlackElo "1986"]
[PlyCount "64"]
[EventDate "2011.10.28"]

1. Nf3 Nf6 2. d4 g6 3. g3 Bg7 4. Bg2 O-O 5. c4 d6 6. Nc3 Nc6 7. d5 Na5 8. Nd2
c5 9. O-O a6 10. Qc2 Rb8 11. a4 Bd7 12. Ra3 b5 13. axb5 axb5 14. cxb5 Bxb5 15.
Nxb5 Rxb5 16. Qa4 Qb6 17. Nc4 Nxc4 18. Qxc4 Nd7 19. Bh3 Ne5 20. Qa2 Rb4 21. b3
Rb8 22. Ra6 Qc7 23. Ra7 R4b7 24. Ra3 Qb6 25. Be3 Nd7 26. Ra6 Qd8 27. Ra7 Nf6
28. Rxb7 Rxb7 29. Rd1 Qb8 30. Rd3 Ne4 31. Qa4 Nc3 32. Bg4 Nxa4 0-1

[Event "V Memorial Gianfranco Molinari A"]
[Site "Milano ITA"]
[Date "2011.10.29"]
[Round "2"]
[White "Arnold, Daniele"]
[Black "Paganini, Andrea"]
[Result "1/2-1/2"]
[WhiteElo "1856"]
[BlackElo "1847"]
[PlyCount "85"]
[EventDate "2011.10.28"]

1. e4 e5 2. Nf3 Nc6 3. d4 exd4 4. Nxd4 Nf6 5. Nxc6 bxc6 6. Bd3 d5 7. e5 Nd7 8.
O-O Be7 9. f4 O-O 10. Qh5 g6 11. Qe2 Nc5 12. Nc3 Nxd3 13. cxd3 Bc5+ 14. Kh1 Qh4
15. Be3 Bg4 16. Qf2 Qxf2 17. Bxf2 Be7 18. h3 Bf5 19. Rfd1 h5 20. Na4 Rfb8 21.
d4 Bc2 22. b3 Bxd1 23. Rxd1 Rb5 24. Rc1 Re8 25. Rxc6 Rb7 26. g4 hxg4 27. hxg4
Bb4 28. Kg2 Re6 29. Rc2 Kf8 30. Bh4 Ke8 31. Bf6 Kd7 32. Kf3 Rc6 33. Rxc6 Kxc6
34. f5 gxf5 35. gxf5 Kd7 36. Ke3 Rb5 37. Kd3 Ra5 38. Bg5 c5 39. dxc5 Bxc5 40.
Bd2 Rb5 41. Nc3 Rb4 42. Na4 Rb5 43. Nc3 1/2-1/2

[Event "V Memorial Gianfranco Molinari A"]
[Site "Milano ITA"]
[Date "2011.10.29"]
[Round "2"]
[White "Barberi, Alessandro"]
[Black "Jara, Erik"]
[Result "0-1"]
[WhiteElo "2062"]
[BlackElo "2158"]
[PlyCount "48"]
[EventDate "2011.10.28"]

1. d4 Nf6 2. Nf3 d5 3. e3 e6 4. Bd3 c5 5. b3 Bd6 6. Bb2 Nc6 7. a3 O-O 8. Nbd2
Qe7 9. Ne5 Nd7 10. f4 f6 11. Bxh7+ Kxh7 12. Qh5+ Kg8 13. Ng6 Qe8 14. O-O Ne7
15. Qh8+ Kf7 16. Nxf8 Qxf8 17. Qh5+ Kg8 18. e4 Qf7 19. Qf3 cxd4 20. Bxd4 b6 21.
exd5 exd5 22. Rae1 Ba6 23. c4 Rd8 24. Rf2 Nf5 0-1

[Event "V Memorial Gianfranco Molinari A"]
[Site "Milano ITA"]
[Date "2011.10.29"]
[Round "2"]
[White "Cani, Gazmir"]
[Black "Moroni, Luca jr"]
[Result "0-1"]
[WhiteElo "2140"]
[BlackElo "1998"]
[PlyCount "80"]
[EventDate "2011.10.28"]

1. Nf3 d5 2. g3 Nf6 3. Bg2 e6 4. O-O Be7 5. d3 O-O 6. Nbd2 c5 7. e4 Nc6 8. Re1
Qc7 9. c3 b5 10. Qe2 Rb8 11. h4 a5 12. Nf1 dxe4 13. dxe4 b4 14. Bf4 e5 15. Bg5
Ng4 16. Red1 h6 17. Be3 Be6 18. N1h2 Nxh2 19. Nxh2 Rfd8 20. f4 Rxd1+ 21. Qxd1
bxc3 22. bxc3 Rb2 23. f5 Bc4 24. Qg4 Kh7 25. Qh5 Rxa2 26. Rxa2 Bxa2 27. Ng4 Bf8
28. Bxh6 gxh6 29. Nf6+ Kh8 30. g4 Qd6 31. g5 Bb3 32. Nd5 Bxd5 33. exd5 Nd8 34.
Be4 a4 35. Qf3 a3 36. Bb1 e4 37. Qxe4 Qe7 38. Qc2 Qe1+ 39. Kg2 Qxh4 40. g6 Bd6
0-1

[Event "V Memorial Gianfranco Molinari A"]
[Site "Milano ITA"]
[Date "2011.10.29"]
[Round "2"]
[White "Cerioni, Armando"]
[Black "Moreschi, Mauro"]
[Result "1-0"]
[WhiteElo "1958"]
[BlackElo "1861"]
[PlyCount "43"]
[EventDate "2011.10.28"]

1. d4 b5 2. e4 Bb7 3. Bxb5 Bxe4 4. Nf3 e6 5. O-O Nf6 6. Nc3 Bb7 7. Re1 Bb4 8.
Bg5 Bxc3 9. bxc3 h6 10. Bc1 O-O 11. Ne5 d6 12. Ng4 Nxg4 13. Qxg4 Qf6 14. Bd3
Ba6 15. c4 Bb7 16. Re3 Rd8 17. Bd2 Nd7 18. Rae1 c5 19. c3 cxd4 20. cxd4 Nf8 21.
Rh3 Kh8 22. Bg5 1-0

[Event "V Memorial Gianfranco Molinari A"]
[Site "Milano ITA"]
[Date "2011.10.29"]
[Round "2"]
[White "Martinez, Rolly"]
[Black "Cazzaniga, Walter"]
[Result "1/2-1/2"]
[WhiteElo "2411"]
[BlackElo "2118"]
[PlyCount "71"]
[EventDate "2011.10.28"]

1. e4 e6 2. d4 d5 3. Nd2 Nf6 4. e5 Nfd7 5. Bd3 c5 6. c3 Nc6 7. Ne2 cxd4 8. cxd4
f6 9. exf6 Nxf6 10. Nf3 Bd6 11. O-O O-O 12. Bf4 Nh5 13. Bxd6 Qxd6 14. Qd2 Bd7
15. Qe3 Nf4 16. Nxf4 Qxf4 17. Bb5 Qxe3 18. fxe3 Nb8 19. Bxd7 Nxd7 20. Ng5 Rac8
21. Nxe6 Rxf1+ 22. Kxf1 Rc2 23. b3 Nf6 24. h3 b6 25. Nf4 g5 26. Nd3 h5 27. Kg1
Kg7 28. Kh2 a5 29. Ne5 b5 30. a4 b4 31. Rf1 Rc3 32. Rf5 Rxb3 33. Rxg5+ Kf8 34.
Rf5 Ke7 35. Nc6+ Ke6 36. Rf3 1/2-1/2

[Event "V Memorial Gianfranco Molinari A"]
[Site "Milano ITA"]
[Date "2011.10.29"]
[Round "2"]
[White "Olivieri, Alessandro"]
[Black "Bemporad, Filippo"]
[Result "0-1"]
[WhiteElo "1936"]
[BlackElo "2093"]
[PlyCount "78"]
[EventDate "2011.10.28"]

1. d4 Nf6 2. c4 e6 3. g3 Bb4+ 4. Bd2 Bxd2+ 5. Qxd2 d5 6. Nf3 O-O 7. Bg2 b6 8.
cxd5 exd5 9. O-O Bb7 10. Nc3 Nbd7 11. Rac1 c5 12. Rfd1 Qe7 13. Nh4 Qe6 14. Nb5
Rad8 15. Qf4 h6 16. Nf5 Kh7 17. Nbd6 g5 18. Qf3 Ba6 19. e3 Nb8 20. dxc5 bxc5
21. Rxc5 Rxd6 22. Nxd6 Qxd6 23. Qf5+ Kg7 24. b4 Qe6 25. Qc2 Rd8 26. a4 Bb7 27.
e4 Na6 28. exd5 Bxd5 29. Bxd5 Rxd5 30. Rcxd5 Nxb4 31. Rxg5+ hxg5 32. Qc5 Nbd5
33. Qxa7 Nc3 34. Ra1 Ne2+ 35. Kf1 Qc4 36. Qe3 Nd4+ 37. Kg1 Qd5 38. Rb1 Nf3+ 39.
Kf1 Nd2+ 0-1

[Event "V Memorial Gianfranco Molinari A"]
[Site "Milano ITA"]
[Date "2011.10.29"]
[Round "2"]
[White "Papale, Carmelo"]
[Black "Manansala, Eduardo"]
[Result "0-1"]
[WhiteElo "1865"]
[BlackElo "1946"]
[PlyCount "80"]
[EventDate "2011.10.28"]

1. e4 e6 2. d4 d5 3. Nc3 Nf6 4. e5 Nfd7 5. f4 c5 6. Nf3 Nc6 7. Be3 Be7 8. Be2
Qb6 9. O-O O-O 10. Qd2 a6 11. Nd1 f6 12. c3 c4 13. f5 exf5 14. e6 Ndb8 15. Nh4
Bxe6 16. Nxf5 Nd7 17. Bxc4 dxc4 18. d5 Bc5 19. dxe6 Nde5 20. e7 Bxe3+ 21. Ndxe3
Rf7 22. Kh1 Nxe7 23. Nxe7+ Rxe7 24. Nd5 Qd8 25. Nxe7+ Qxe7 26. Qd5+ Kh8 27.
Rad1 h6 28. Rfe1 Qc7 29. Re4 Nd3 30. Rd2 Rd8 31. Qf5 Nxb2 32. Rdd4 b5 33. Qg6
Rf8 34. Qf5 Nd3 35. Rd7 Qc5 36. Rd5 Nf2+ 37. Kg1 Nh3+ 38. Kf1 Qg1+ 39. Ke2
Qxg2+ 40. Kd1 Qxe4 0-1

[Event "V Memorial Gianfranco Molinari A"]
[Site "Milano ITA"]
[Date "2011.10.29"]
[Round "2"]
[White "Pedroli, Marco"]
[Black "Nepi, Ezio"]
[Result "0-1"]
[WhiteElo "1900"]
[BlackElo "1961"]
[PlyCount "92"]
[EventDate "2011.10.28"]

1. e4 c5 2. Nf3 d6 3. Bb5+ Nd7 4. O-O Ngf6 5. Re1 g6 6. c3 Bg7 7. d4 O-O 8. Bf1
Rb8 9. a4 a6 10. Na3 b6 11. Nc2 b5 12. axb5 axb5 13. b4 c4 14. Ra5 Qb6 15. Kh1
d5 16. Nd2 dxe4 17. Nxe4 Nxe4 18. Rxe4 Nf6 19. Rxe7 Nd5 20. Re3 Nxe3 21. Bxe3
Bd7 22. g3 Ra8 23. Qa1 Bc6+ 24. Bg2 Rxa5 25. bxa5 Bxg2+ 26. Kxg2 Qb7+ 27. f3
Ra8 28. Nb4 Qe7 29. Kf2 Re8 30. Qe1 Bh6 31. Bd2 Bxd2 32. Qxd2 Qd7 33. d5 Qa7+
34. Qd4 Qxa5 35. Qf6 Qa7+ 36. Kg2 Re2+ 37. Kh3 Qd7+ 38. g4 h5 39. Qf4 hxg4+ 40.
Qxg4 Qxg4+ 41. Kxg4 Kf8 42. Kf4 Ke7 43. h4 Kd6 44. Kg5 Re5+ 45. Kf4 f6 46. Kg4
Re3 0-1

[Event "V Memorial Gianfranco Molinari A"]
[Site "Milano ITA"]
[Date "2011.10.29"]
[Round "2"]
[White "Pelizzola, Danilo"]
[Black "Nicolo', Filippo"]
[Result "1/2-1/2"]
[WhiteElo "2006"]
[BlackElo "2017"]
[PlyCount "36"]
[EventDate "2011.10.28"]

1. e4 e5 2. Nf3 Nc6 3. Bb5 Nd4 4. Nxd4 exd4 5. O-O Bc5 6. d3 c6 7. Bc4 d5 8.
exd5 cxd5 9. Bb5+ Kf8 10. Re1 Be6 11. Ba4 Qh4 12. Qf3 Nf6 13. Bf4 Ke7 14. Nd2
Rhd8 15. Re5 h6 16. h3 g5 17. Bg3 Qh5 18. Rae1 Qxf3 1/2-1/2

[Event "V Memorial Gianfranco Molinari A"]
[Site "Milano ITA"]
[Date "2011.10.29"]
[Round "2"]
[White "Quaranta, Cristiano"]
[Black "Pace, Pietro Dario"]
[Result "0-1"]
[WhiteElo "2128"]
[BlackElo "2276"]
[PlyCount "48"]
[EventDate "2011.10.28"]

1. d4 Nf6 2. c4 g6 3. Nc3 d5 4. Nf3 Bg7 5. e3 O-O 6. Qb3 dxc4 7. Bxc4 c5 8. d5
Nbd7 9. e4 Ng4 10. O-O a6 11. a4 Qc7 12. Bg5 Nde5 13. Nxe5 Qxe5 14. f4 Qd4+ 15.
Kh1 Ne3 16. Be2 Nxf1 17. Rxf1 Qb4 18. Qxb4 cxb4 19. Na2 Re8 20. b3 Bd7 21. Nxb4
Rac8 22. Bh4 Bc3 23. Nd3 f6 24. Rd1 b5 0-1

[Event "V Memorial Gianfranco Molinari A"]
[Site "Milano ITA"]
[Date "2011.10.29"]
[Round "2"]
[White "Radice, Luca"]
[Black "Rossi, Giampiero"]
[Result "1-0"]
[WhiteElo "1972"]
[BlackElo "1902"]
[PlyCount "67"]
[EventDate "2011.10.28"]

1. d4 d5 2. c4 e6 3. Nc3 c6 4. e4 dxe4 5. Nxe4 Bb4+ 6. Nc3 c5 7. a3 Bxc3+ 8.
bxc3 Nf6 9. Nf3 Nc6 10. Be2 O-O 11. O-O Qa5 12. Qc2 Rd8 13. Bb2 Bd7 14. Rfe1
Be8 15. Bd3 h6 16. Qe2 Rac8 17. Rad1 Qb6 18. Bc1 cxd4 19. cxd4 Kf8 20. Bb2 Qc7
21. d5 exd5 22. Bxf6 gxf6 23. cxd5 Rxd5 24. Qe4 Ne7 25. Qh7 Ng8 26. Qh8 Rxd3
27. Rxd3 Bc6 28. h3 Qa5 29. Red1 Re8 30. Kh2 Qc7+ 31. Kg1 Qa5 32. Nd2 Re5 33.
Nf3 Bxf3 34. Rd8+ 1-0

[Event "V Memorial Gianfranco Molinari A"]
[Site "Milano ITA"]
[Date "2011.10.29"]
[Round "2"]
[White "Sbarra, Marco"]
[Black "Gongalov, Bojan"]
[Result "1-0"]
[WhiteElo "2227"]
[BlackElo "2084"]
[PlyCount "80"]
[EventDate "2011.10.28"]

1. d4 Nf6 2. c4 g6 3. Nc3 d5 4. Bf4 Bg7 5. Rc1 c6 6. e3 O-O 7. h3 Qa5 8. Nf3
dxc4 9. Bxc4 b5 10. Bb3 b4 11. Ne2 Nfd7 12. O-O Ba6 13. Qd2 Qb6 14. Rfd1 Bb5
15. Ng3 a5 16. e4 Na6 17. Bh6 e6 18. Nh5 Bh8 19. Bxf8 Nxf8 20. Qg5 Be2 21. Rd2
Bxf3 22. gxf3 Qd8 23. Qxd8 Rxd8 24. Ng3 Nb8 25. Ne2 Nfd7 26. Ba4 Bg7 27. Kg2
Nf6 28. Rc5 Nfd7 29. Rxa5 Nb6 30. Rc2 Bxd4 31. Nxd4 Rxd4 32. Bxc6 Kg7 33. Ra7
Rd8 34. Bb5 Nc8 35. Rac7 Nd6 36. Be2 e5 37. Rd2 g5 38. a4 bxa3 39. bxa3 Kf6 40.
a4 Ke6 1-0

[Event "V Memorial Gianfranco Molinari A"]
[Site "Milano ITA"]
[Date "2011.10.29"]
[Round "2"]
[White "Tarelli, Daniele"]
[Black "Bozzali, Ermanno"]
[Result "1-0"]
[WhiteElo "1900"]
[BlackElo "2133"]
[PlyCount "63"]
[EventDate "2011.10.28"]

1. e4 c5 2. Nf3 e6 3. d4 cxd4 4. Nxd4 Nf6 5. Nc3 Qb6 6. Nb3 Bb4 7. Bd2 Nc6 8.
Bd3 O-O 9. O-O Ne5 10. h3 Nxd3 11. cxd3 Qd8 12. Rc1 d5 13. e5 Nd7 14. d4 b6 15.
Qg4 Kh8 16. Nb5 Bxd2 17. Nxd2 Ba6 18. Nd6 Bxf1 19. Kxf1 f5 20. Qh5 Kg8 21. Nf3
h6 22. g4 Nf6 23. exf6 Qxd6 24. fxg7 Rfc8 25. Rxc8+ Rxc8 26. Qxh6 Qc7 27. Qh8+
Kf7 28. Ne5+ Ke7 29. g8=Q Qc1+ 30. Kg2 Rxg8 31. Qxg8 Kf6 32. Qg6+ 1-0

[Event "V Memorial Gianfranco Molinari A"]
[Site "Milano ITA"]
[Date "2011.10.30"]
[Round "3"]
[White "Bemporad, Filippo"]
[Black "Cerioni, Armando"]
[Result "1-0"]
[WhiteElo "2093"]
[BlackElo "1958"]
[PlyCount "45"]
[EventDate "2011.10.28"]

1. d4 f5 2. Nf3 Nf6 3. g3 e6 4. Bg2 Be7 5. c4 O-O 6. O-O a5 7. Nc3 d6 8. b3 Ne4
9. Bb2 Nxc3 10. Bxc3 Bf6 11. Qc2 Nc6 12. e4 e5 13. dxe5 Nxe5 14. Nxe5 Bxe5 15.
Bxe5 dxe5 16. exf5 Qg5 17. Qe4 Qxf5 18. Qxf5 Rxf5 19. Rad1 Kf7 20. Rd8 Ke7 21.
Rfd1 c6 22. Bh3 Rf8 23. Rxf8 1-0

[Event "V Memorial Gianfranco Molinari A"]
[Site "Milano ITA"]
[Date "2011.10.30"]
[Round "3"]
[White "Bozzali, Ermanno"]
[Black "Radice, Luca"]
[Result "1/2-1/2"]
[WhiteElo "2133"]
[BlackElo "1972"]
[PlyCount "50"]
[EventDate "2011.10.28"]

1. d4 e6 2. c4 Nf6 3. Nf3 d5 4. g3 Be7 5. Bg2 O-O 6. O-O dxc4 7. Qc2 a6 8. Qxc4
b5 9. Qc2 Bb7 10. Rd1 Be4 11. Qd2 Nbd7 12. Qe1 c5 13. Nc3 Bb7 14. dxc5 Bxc5 15.
Bf4 Qe7 16. h3 h6 17. g4 Ne4 18. Nxe4 Bxe4 19. Rac1 Rac8 20. Qa5 e5 21. Bg3 Bb7
22. a3 Bd6 23. Rxc8 Bxc8 24. Qd2 Bb8 25. Nh4 Nf6 1/2-1/2